Top 100 Baby Names for Boys in 1890 (USA) - Statistics

General Stats
  • This quiz has been taken 25 times
  • The average score is 45 of 100
Answer Stats
Hint Answer % Correct
F Frank
100%
J John
100%
W Will
100%
W William
100%
R Robert
95%
C Charles
90%
E Ed
90%
E Edward
90%
G George
90%
J James
90%
J Joseph
90%
T Thomas
90%
H Henry
86%
J Jack
86%
H Harold
81%
H Harry
81%
R Richard
81%
D David
76%
W Walter
76%
A Andrew
71%
P Paul
71%
P Peter
71%
J Jacob
67%
M Michael
67%
A Albert
62%
A Allen
62%
A Anthony
62%
B Ben
62%
B Benjamin
62%
F Fred
62%
L Lewis
62%
L Louis
62%
O Oliver
62%
S Sam
62%
S Samuel
62%
A Alexander
57%
J Joe
57%
L Leo
57%
L Leon
57%
M Martin
57%
P Patrick
57%
A Arthur
52%
C Carl
52%
D Daniel
52%
L Lawrence
52%
L Leonard
52%
P Philip
52%
C Charley
48%
C Charlie
48%
I Isaac
48%
O Oscar
48%
A Alfred
43%
F Francis
43%
F Frederick
43%
R Ray
43%
T Tom
43%
R Raymond
38%
T Theodore
38%
E Edgar
33%
H Hugh
33%
J Jim
33%
A Archie
29%
E Eddie
29%
H Howard
29%
E Edwin
24%
O Otto
24%
B Bernard
19%
E Ernest
19%
H Herbert
19%
J Jesse
19%
J Jessie
19%
L Lee
19%
L Lloyd
19%
R Ralph
19%
R Roy
19%
W Willie
19%
A August
14%
E Earl
14%
L Leslie
14%
S Sidney
14%
S Stanley
14%
B Bert
10%
C Chester
10%
E Elmer
10%
E Eugene
10%
F Floyd
10%
H Harvey
10%
L Lester
10%
C Clarence
5%
C Claude
5%
C Clifford
5%
G Grover
5%
H Herman
5%
H Homer
5%
L Leroy
5%
C Clyde
0%
G Guy
0%
I Ira
0%
L Luther
0%
R Russell
0%
No matching quizzes found
Score Distribution
Percent of People with Each Score
Percentile by Number Answered
Your Score History
You have not taken this quiz